• 首页
  • 本馆介绍
  • 公告通知
  • 最新文献
  • 馆藏检索
  • 电子资源
  • 读者导购
  • 参考咨询
  • 我的图书馆
  • 登录
  • 详细信息显示
  • 放入我的书架
  • 预约/预借图书
  • 作者相关作品
  • 分类相关作品
  • 丛书相关作品
  • 出版社相关作品

书目信息

  • 表格格式
  • 工作单格式
  • 卡片格式
题名:
翳然林水
    
 
作者: 王毅 著
分册:  
出版信息: 北京   北京大学出版社  2017.7
页数: 363页
开本: 22cm
丛书名: “幽雅阅读”丛书
单 册:
中图分类: TU986.62
科图分类:
主题词: 古典园林--园林艺术--中国
电子资源:
ISBN: 978-7-301-28424-7
000 00886nam 2200253 450
001 0400009220
005 20171119113746.0
010    @a978-7-301-28424-7@b精装@dCNY88.00
100    @a20171018d2017 em y0chiy50 ea
101 0  @achi
102    @aCN@b110000
105    @aa z 000yy
106    @ar
200 1  @a翳然林水@Ayi ran lin shui@e棲心中国园林之境@f王毅著
210    @a北京@c北京大学出版社@d2017.7
215    @a363页@c图@d22cm
225 1  @a“幽雅阅读”丛书@v1
330    @a本书首先介绍中国园林的景观内容、艺术风格和构景原理,再进一步介绍园林与中国其他众多文化艺术门类之间有着怎样水乳交融的关联,以及园林是如何表现着中国人看待世界、时空的心理特点和思维方法。
410  0 @12001 @a“幽雅阅读”丛书
606 0  @a古典园林@x园林艺术@y中国
690    @aTU986.62@v5
701  0 @a王毅@Awang yi@4著
801  0 @aCN@b上海新华@c20171119
905    @b1028708-12@dTU986.62@e1389@f5
    
    翳然林水:棲心中国园林之境/王毅著.-北京:北京大学出版社,2017.7
    363页:图;22cm.-(“幽雅阅读”丛书;1)
    
    
    ISBN 978-7-301-28424-7(精装):CNY88.00
    本书首先介绍中国园林的景观内容、艺术风格和构景原理,再进一步介绍园林与中国其他众多文化艺术门类之间有着怎样水乳交融的关联,以及园林是如何表现着中国人看待世界、时空的心理特点和思维方法。
●
相关链接 在E读中查询图书 在五车中查询图书 在当当中查询图书 在豆瓣中查询图书


正题名:翳然林水     索取号:TU986.62/1389         预约/预借

序号 登录号 条形码 馆藏地/架位号 状态 备注
1 1028708   210287081   第二样本阅览室/ [索取号:TU986.62/1389] 在馆    
2 1028709   210287090   第三借阅区/ [索取号:TU986.62/1389] 在馆    
3 1028710   210287107   密集书库-生命科学系/ [索取号:TU986.62/1389] 在馆    
4 1028711   210287116   第三借阅区/ [索取号:TU986.62/1389] 在馆    
5 1028712   210287125   第三借阅区/ [索取号:TU986.62/1389] 在馆    
唐山师范学院图书馆 欢迎您!
大连网信软件有限公司© 版权所有